Fuentes manuscritas para la historia de Portugal: guía de instrumentos de investigación

Gardado en:
Detalles Bibliográficos
Autor Principal: García Mora, Luis Miguel (Author)
Formato: Libro
Idioma:Lingua castelá
Publicado: Lisboa Fundación Histórica Tavera 1998
Edición:1a. ed
Subjects:
Tags: Engadir etiqueta
Sen Etiquetas, Sexa o primeiro en etiquetar este rexistro!

MARC

LEADER 00000nam a2200000 a 4500
001 UCH4581
003 CL-VaPUC
008 090827e19980000PO |||||||||||||||||spa|d
020 |a 8489763224 
082 0 4 |a 946.9016  |b GAR  |2 21 
100 |a García Mora, Luis Miguel  |e author  |9 615009 
245 1 0 |a Fuentes manuscritas para la historia de Portugal: guía de instrumentos de investigación 
250 |a 1a. ed 
300 |a 279 p 
942 |c BK 
945 |d 20090827 00:00:00  |a rbrito 
260 |a Lisboa  |b Fundación Histórica Tavera  |c 1998 
650 7 |a HISTORIA DE PORTUGAL  |2 CL-VaPUC  |9 443106 
650 0 |a Bibliografías   |9 257071 
583 |a last modification  |c 20090827 00:00:00  |k Rodrigo Vera 
999 |c 335861  |d 335859 
952 |0 0  |1 0  |4 0  |6 946_901600000000000_GAR_1998  |7 0  |8 X  |9 426683  |a FDOBUD  |b FDOBUD  |d 2019-11-22  |i 4592972  |o 946.9016 GAR 1998  |p 4592972  |r 2019-11-22  |w 2019-11-22  |y BK_X  |k BUD